00398nam a2200133Ia 4500008004000000082001700040100002300057245007100080250000500151260006400156300001300220440000600233650002500239210210b1983 xxu||||| |||| 00| 0 eng d a294.503 WALH aWALKER (Benjamin). aHindu world: an encyclopedic survey of hinduism. Vol I A-L. Ed 1. a aNew Delhi.bMunshiram Manoharlal Publishers Pvt Ltd.,c1983 axiii,609 a1 aHindu Wncyclopedic